Animal Husbandry and Allied Technologies in Ancient India: From Prehistorical to Early Historical Times (Record no. 12908)

MARC details
000 -LEADER
fixed length control field 00469nam a22001577a 4500
003 - CONTROL NUMBER IDENTIFIER
control field OSt
008 - FIXED-LENGTH DATA ELEMENTS--GENERAL INFORMATION
fixed length control field 240911b |||||||| |||| 00| 0 eng d
020 ## - INTERNATIONAL STANDARD BOOK NUMBER
International Standard Book Number 9788182748316
082 ## - DEWEY DECIMAL CLASSIFICATION NUMBER
Classification number 551.48
Item number JOA
100 ## - MAIN ENTRY--PERSONAL NAME
Personal name JOGLEKAR, P.P
245 ## - TITLE STATEMENT
Title Animal Husbandry and Allied Technologies in Ancient India: From Prehistorical to Early Historical Times
260 ## - PUBLICATION, DISTRIBUTION, ETC. (IMPRINT)
Place of publication, distribution, etc New Delhi:
Name of publisher, distributor, etc Pentagon Paess,
Date of publication, distribution, etc 2015.
300 ## - PHYSICAL DESCRIPTION
Extent xiv,288p.
700 ## - ADDED ENTRY--PERSONAL NAME
Personal name Pankaj Goyal (Ed.)
942 ## - ADDED ENTRY ELEMENTS (KOHA)
Source of classification or shelving scheme Dewey Decimal Classification
Koha item type Text Books
Holdings
Withdrawn status Lost status Source of classification or shelving scheme Damaged status Not for loan Collection code Home library Current library Date acquired Source of acquisition Currency Cost, normal purchase price Bill Number Total Checkouts Full call number Acc. no. / Barcode Checked out Date last seen Date last borrowed Actual Cost, discounted price Bill Date Koha item type
    Dewey Decimal Classification     IKS- Indian Knowledge System PIET C-LIBRARY PIET C-LIBRARY 11/09/2024 Zafaa Books and Distributors INR 1795.00 ZBD0186 1 551.48 JOA 38472 18/08/2025 28/01/2025 28/01/2025 1346.25 07/09/2024 Text Books

Design & Developed by: PIET Central Library
R70 Miles Stone Pattikalyana Samalkha Panipat 132102
mail ID :- [email protected], Phone No:- 0180-2569700 Ex.216